Bioremediation journal

Detalles Bibliográficos
Autor Corporativo: Taylor & Francis
Formato: Electrónico Revista
Lenguaje:inglés
Publicado: [Boca Raton, FL] : CRC Press
Materias:
Acceso en línea:Full text available from Research Library: 03/01/2003 to 10/31/2007

MARC

LEADER 00000nas a2200000 a 4500
001 ssj0007453
003 WaSeSS
005 20200512172242.0
006 m d
007 cr n
008 031124c199u9999fluqx pss 0 a0eng c
010 |a  2003215746 
015 |a GBB614321  |2 bnb 
016 7 |a 013354963  |2 Uk 
022 |a 1547-6529  |l 1088-9868  |y 1088-9868 
035 |a (WaSeSS)ssj0007453 
040 |a NSD  |b eng  |c NSD  |d GUA  |d DLC  |d OCLCQ  |d CGU  |d GBT  |d F#A  |d OCLCQ  |d UKMGB  |d OCLCQ  |d AGL  |d VT2  |d OCLCF  |d OCLCQ  |d WT2  |d DLC  |d OCLCO  |d OCLCQ  |d AU@  |d OCLCQ  |d CNMTR  |d OCLCQ  |d SFB  |d WaSeSS 
042 |a pcc  |a nsdp 
050 0 0 |a TD192.5 
070 0 |a TD192.5  |b .B5572 
130 0 |a Bioremediation journal (Online) 
222 0 |a Bioremediation journal  |b (Online) 
245 1 0 |a Bioremediation journal  |h [electronic resource]. 
260 |a [Boca Raton, FL] :  |b CRC Press 
310 |a 4 issues a year 
500 |a Published: Philadelphia, Pa. : Taylor and Francis, 2004- 
506 |a License restrictions may limit access. 
538 |a Mode of access: World Wide Web. 
588 0 |a Vol. 2, issue 1 (Aug. 1998); title from contents screen (ScienceDirect, viewed Dec. 4, 2003). 
588 1 |a Vol. 21, issue 2 (2017) (Taylor & Francis Online viewed November 6, 2017). 
650 0 |a Bioremediation  |v Periodicals. 
650 7 |a Environmental Remediation.  |2 ebps 
650 7 |a Bioremediation.  |2 fast  |0 (OCoLC)fst00832694 
655 0 |a Electronic journals. 
710 2 |a Taylor & Francis. 
776 1 |t Bioremediation journal  |x 1088-9868  |w (DLC) 98640946  |w (OCoLC)34795756 
850 |a DLC 
856 4 0 |z Full text available from Research Library: 03/01/2003 to 10/31/2007  |u https://search.proquest.com/publication/44719